| Tag |
First Indicator |
Second Indicator |
Subfields |
| LEADER |
00000cam a22000008a 4500 |
| 001 |
in00000087052 |
| 005 |
20151008064714.0 |
| 008 |
810727s1982 nyu b 00010 eng |
| 010 |
|
|
|a 81047790
|
| 020 |
|
|
|a 0060149639 :
|c $11.95
|
| 035 |
|
|
|a (OCoLC)07671409
|
| 035 |
|
|
|9 AAK4657AM
|
| 039 |
0 |
|
|a 2
|b 3
|c 3
|d 3
|e 3
|
| 040 |
|
|
|a DLC
|c DLC
|d TXA
|d UtOrBLW
|
| 049 |
|
|
|a TXAM
|c [1673052]
|
| 050 |
0 |
0 |
|a HD30.23
|b .H44 1982
|
| 082 |
0 |
|
|a 658.4/03
|2 19
|
| 100 |
1 |
|
|a Heirs, Ben J.
|
| 245 |
1 |
4 |
|a The mind of the organization /
|c Ben Heirs and Gordon Pehrson.
|
| 250 |
|
|
|a Rev. ed.
|
| 263 |
|
|
|a 8212
|
| 264 |
|
1 |
|a New York :
|b Harper & Row,
|c [1982]
|
| 264 |
|
4 |
|c ©1982
|
| 300 |
|
|
|a xxii, 140 pages ;
|c 22 cm.
|
| 336 |
|
|
|a text
|b txt
|2 rdacontent
|
| 337 |
|
|
|a unmediated
|b n
|2 rdamedia
|
| 338 |
|
|
|a volume
|b nc
|2 rdacarrier
|
| 504 |
|
|
|a Includes bibliographical references.
|
| 650 |
|
0 |
|a Decision making.
|
| 650 |
|
0 |
|a Business planning.
|
| 700 |
1 |
|
|a Pehrson, Gordon O.
|
| 999 |
|
|
|a MARS
|
| 999 |
f |
f |
|s 9490a3e4-2f2d-358c-9360-bff5935df6f5
|i 188f85fb-45cf-3932-a9bd-a77856a11958
|t 0
|
| 952 |
f |
f |
|p ric
|a Texas A&M University
|b Rellis Campus
|c Joint Library Facility
|d Remote Storage
|t 0
|e HD30.23 .H44 1982
|h Library of Congress classification
|i unmediated -- volume
|m A14806123358
|
| 998 |
f |
f |
|a HD30.23 .H44 1982
|t 0
|l Remote Storage
|